গেরিলা থেকে সম্মুখ যুদ্ধে ( দ্বিতীয় খণ্ড ) / (Record no. 6003)
[ view plain ]
| 000 -LEADER | |
|---|---|
| fixed length control field | 00676nam a22001817a 4500 |
| 003 - CONTROL NUMBER IDENTIFIER | |
| control field | BUBTL |
| 008 - FIXED-LENGTH DATA ELEMENTS--GENERAL INFORMATION | |
| fixed length control field | 190429b xxu||||| |||| 00| 0 eng d |
| 020 ## - INTERNATIONAL STANDARD BOOK NUMBER | |
| International Standard Book Number | 984-465-027-9 |
| 082 ## - DEWEY DECIMAL CLASSIFICATION NUMBER | |
| Classification number | 954.92 / ALG |
| 100 ## - MAIN ENTRY--PERSONAL NAME | |
| 9 (RLIN) | 2306 |
| Personal name | আলম, মাহবুব |
| 245 ## - TITLE STATEMENT | |
| Title | গেরিলা থেকে সম্মুখ যুদ্ধে ( দ্বিতীয় খণ্ড ) / |
| Statement of responsibility, etc. | মাহবুব আলম |
| 260 ## - PUBLICATION, DISTRIBUTION, ETC. (IMPRINT) | |
| Place of publication, distribution, etc. | ঢাকা : |
| Name of publisher, distributor, etc. | সাহিত্য প্রকাশ. |
| Date of publication, distribution, etc. | c2008 |
| 300 ## - PHYSICAL DESCRIPTION | |
| Extent | 589 p. : |
| Dimensions | 22 cm. |
| 650 #0 - SUBJECT ADDED ENTRY--TOPICAL TERM | |
| 9 (RLIN) | 1755 |
| Topical term or geographic name as entry element | মুক্তিযুদ্ধ |
| 856 ## - ELECTRONIC LOCATION AND ACCESS | |
| Password | 0 |
| Logon | 0 |
| Link text | Download |
| 942 ## - ADDED ENTRY ELEMENTS (KOHA) | |
| Source of classification or shelving scheme | |
| Koha item type | Books |
| Withdrawn status | Lost status | Source of classification or shelving scheme | Damaged status | Not for loan | Collection code | Permanent location | Current location | Shelving location | Date acquired | Inventory number | Total Checkouts | Total Renewals | Full call number | Barcode | Date last seen | Date last checked out | Copy number | Price effective from | Koha item type |
|---|---|---|---|---|---|---|---|---|---|---|---|---|---|---|---|---|---|---|---|
| Fiction | Bangladesh University of Business and Technology Library | Bangladesh University of Business and Technology Library | Fiction | 22606 | 1 | 1 | 954.92 / ALG | BUBTL-200322606 | 01/10/2022 | 12/28/2021 | C-1 | 04/29/2019 | Books |
